| 000 | 01194nam0a2200325 4500 | ||
|---|---|---|---|
| 001 | RU\NLR\ONL2\22141 | ||
| 005 | 20250613132324.0 | ||
| 010 |
_a978-5-7539-0691-5 _91000 |
||
| 035 | _a(NLR Aleph) 009669725 | ||
| 090 |
_a9655073 _c9655073 |
||
| 100 | _a20120202d2008 |||y0rusy50 ca | ||
| 101 | 0 | _axal | |
| 102 | _aRU | ||
| 105 | _ay ||||||||| | ||
| 200 | 1 |
_a5-11-гч классмудт торскн литератур дасхлhна котлвр _fШараповин Н., Доржин Д., Манжин Е., Онтан З. |
|
| 210 |
_aЭлст _cБарин гер "Герл" _d2008 |
||
| 215 |
_a59,[2] c. _d20 |
||
| 541 | 1 |
_aПрограмма по калмыцкой литературе в 5-11 классах _zrus |
|
| 606 | 0 |
_aКалмыцкая литература _xПреподавание _xСредняя школа _92175812 _3RU\NLR\auth-onl\66262 |
|
| 686 | 1 | _aЧ426.21 | |
| 701 | 1 |
_aШараповин _bН. _4070 |
|
| 701 | 1 |
_aДоржин _bД. _4070 |
|
| 701 | 1 |
_aМанжин _bЕ. _4070 |
|
| 701 | 1 |
_aОнтан _bЗ. _4070 |
|
| 801 | 0 |
_aRU _bNLR _c20120202 _gPSBO |
|
| 852 |
_aNLR _bОНЛ _jКалм./2-752 |
||
| 942 | _cBOOK | ||
| 980 | _aNB | ||
| 980 | _aONL_RF | ||